| 000 | 00572nam a2200229Ia 4500 | ||
|---|---|---|---|
| 008 | 200601s9999 xx 000 0 und d | ||
| 020 | _a978-0-470-00867-6 | ||
| 050 | _aREF DD 16 | ||
| 050 | _b.P67 2007 | ||
| 100 | _aPorter, Darwin. | ||
| 245 | 0 | _aGermany 2007 / | |
| 245 | 0 | _cDarwin Porter & Danforth Prince. | |
| 260 | _aNew Jersey : | ||
| 260 | _bWiley Publishing, | ||
| 260 | _c2007 | ||
| 300 | _a692 pages : | ||
| 300 | _billustrations ; | ||
| 300 | _c20 cm. | ||
| 440 | _aFrommer's | ||
| 500 | _aIncludes index. | ||
| 650 | _aGermany -- Guidebooks. | ||
| 999 |
_c363283 _d363283 |
||